Geography Quiz

Random Geography or City Quiz

Boroughs of NYC Quiz Stats

 Plays Quiz Updated Mar 26, 2020

     
Support Sporcle.
Go Orange.
Score 0/5 Timer 01:00
3 Plays Today
% Correct
Manhattan
93.7%
Queens
91%
The Bronx
89.4%
Brooklyn
87.8%
Staten Island
73.8%

From the Vault

Disney Song by Scene

by LTH

Movies 5m
This is a jolly ol' sing-a-long. Disney style.
Remove Ads.
Support Sporcle.
Get the best of Sporcle when you Go Orange. This ad-free experience offers more features, more stats, and more fun while also helping to support Sporcle. Thank you for becoming a member.

Show Comments

Extras

Top Quizzes Today


Score Distribution

Your Account Isn't Verified!

In order to create a playlist on Sporcle, you need to verify the email address you used during registration. Go to your Sporcle Settings to finish the process.

Report this User

Report this user for behavior that violates our Community Guidelines.

Details: